Score 0/34 Timer 06:00
9 Plays Today
Hint Answer % Correct
Contain the Consecutive Letters 'MAN' or 'MEN'Oman
93.4%
Use the Rial as a CurrencyOman
93.4%
Border Saudi ArabiaOman
91.1%
Border Saudi ArabiaUnited Arab Emirates
89.4%
Border the Red SeaEgypt
88.9%
Border Saudi ArabiaIraq
87.5%
Border Saudi ArabiaJordan
84.1%
Border the Red SeaIsrael
83.6%
Border the Red SeaJordan
83.2%
Border Saudi ArabiaQatar
83%
Border Saudi ArabiaKuwait
81.1%
Start or End with the Letter 'Y'Germany
77%
Contain the Consecutive Letters 'MAN' or 'MEN'Germany
77%
Use the Rial as a CurrencyIran
75.8%
Start or End with the Letter 'Y'Paraguay
74.4%
Start or End with the Letter 'Y'Uruguay
74.3%
Start or End with the Letter 'Y'Turkey
70.7%
Hint Answer % Correct
Border the Red SeaSomalia
70.2%
Start or End with the Letter 'Y'Italy
70.1%
Border the Red SeaEritrea
69.2%
Border the Red SeaDjibouti
67%
Start or End with the Letter 'Y'Hungary
65.1%
Have a Capital City Starting with 'SAN'Chile (Santiago)
63.3%
Border the Red SeaSudan
62.9%
Start or End with the Letter 'Y'Norway
60.7%
Border the Red SeaSaudi Arabia
59.3%
Contain the Consecutive Letters 'MAN' or 'MEN'Turkmenistan
57.9%
Have a Capital City Starting with 'SAN'El Salvador (San Salvador)
57.6%
Have a Capital City Starting with 'SAN'San Marino (San Marino)
48.1%
Have a Capital City Starting with 'SAN'Dominican Republic (Santo Domingo)
45.8%
Have a Capital City Starting with 'SAN'Costa Rica (San José)
43.6%
Start or End with the Letter 'Y'Vatican City
42.3%
Contain the Consecutive Letters 'MAN' or 'MEN'Armenia
40%
Contain the Consecutive Letters 'MAN' or 'MEN'Romania
29.7%

You're not logged in!

Compare scores with friends on all Sporcle quizzes.
OR
Log In

Sporcle TV

Today on Sporcle TV


Watch our educational content, quiz creation guides, and fun videos on Sporcle TV.

Show Comments

Extras

Top Quizzes Today


Score Distribution

Paid Content

Your Account Isn't Verified!

In order to create a playlist on Sporcle, you need to verify the email address you used during registration. Go to your Sporcle Settings to finish the process.

Report this User

Report this user for behavior that violates our Community Guidelines.

Details: